Name all Epic Brawlers from Pictures - Statistics

General Stats
  • This quiz has been taken 15 times
  • The average score is 20 of 28
Answer Stats
Picture Answer % Correct
Bea
100%
Frank
100%
Angelo
83%
Ash
83%
Bibi
83%
Bo
83%
Edgar
83%
Emz
83%
Mandy
83%
Belle
67%
Berry
67%
Bonnie
67%
Colette
67%
Gale
67%
Griff
67%
Grom
67%
Hank
67%
Larry & Lawrie
67%
Lola
67%
Maisie
67%
Pearl
67%
Piper
67%
Stu
67%
Meeple
50%
Nani
50%
Pam
50%
Sam
50%
Shade
50%
No matching quizzes found
Score Distribution
Percent of People with Each Score
Percentile by Number Answered
Your Score History
You have not taken this quiz